| 000 | 00642nam a2200169 a 4500 | ||
|---|---|---|---|
| 001 | 000007363 | ||
| 005 | 20200929154137.0 | ||
| 008 | 090908s2003 pr a r 000 0 spa d | ||
| 040 |
_aDO-SdBNP _bspa _cBNPHU |
||
| 082 |
_axxxx _bP123c |
||
| 100 | 1 |
_aPadilla Rodríguez, Humberto _99382 |
|
| 245 | 1 | 0 |
_aCooperativismo : _buna década de luchas (1994-2003) / _cHumberto Padilla Rodríguez ; prólogo Francisco A. Catalá Oliveras. |
| 260 |
_aSanto Domingo _fAmigo del Hogar _c2003. |
||
| 300 |
_a206 p. : _bil. ; _c23 cm. |
||
| 500 | _aIncluye datos biográficos del autor en la página 203 | ||
| 700 | 1 |
_aCatalá Oliveras, Francisco A., _epról. _920487 |
|
| 999 |
_c7144 _d7144 |
||